[Event "NRW-ch U14"]
[Site "Wolfsburg"]
[Date "2004.04.17"]
[Round "7"]
[White "Korste, Sebastian"]
[Black "Kelbling, Philipp"]
[Result "1/2-1/2"]
[WhiteElo "1349"]
[BlackElo "1508"]
[PlyCount "52"]
[EventDate "2004.04.??"]
[EventType "swiss"]
[EventRounds "7"]
[EventCountry "GER"]
[SourceTitle "EXT 2005"]
[Source "ChessBase"]
[SourceDate "2004.11.15"]
[SourceVersion "1"]
[SourceVersionDate "2004.11.15"]
[SourceQuality "1"]

1. c4 e6 2. Nc3 d5 3. cxd5 exd5 4. e3 Nf6 5. Nge2 c6 6. g3 Bd6 7. Bg2 0-0 8. 0-0 Bf5 9. d3 Re8 10. Re1 Nbd7 11. Nd4 Bg6 12. e4 Nc5 13. Bg5 dxe4 14. dxe4 Be5 15. Bxf6 Bxf6 16. Nf5 Qc7 17. Qc2 Rad8 18. Rad1 Bxf5 19. exf5 Rxe1+ 20. Rxe1 Qb6 21. b3 h6 22. Ne4 Nxe4 23. Rxe4 Bg5 24. Re2 Qd4 25. h4 Bf6 26. Kh2 Qd6 1/2-1/2

[Event "NRW-ch U14"]
[Site "Wolfsburg"]
[Date "2004.04.15"]
[Round "5"]
[White "Korste, Sebastian"]
[Black "Boemelburg, Raphael"]
[Result "0-1"]
[WhiteElo "1349"]
[BlackElo "1575"]
[PlyCount "36"]
[EventDate "2004.04.??"]
[EventType "swiss"]
[EventRounds "7"]
[EventCountry "GER"]
[SourceTitle "EXT 2005"]
[Source "ChessBase"]
[SourceDate "2004.11.15"]
[SourceVersion "1"]
[SourceVersionDate "2004.11.15"]
[SourceQuality "1"]

1. c4 e5 2. Nc3 Nf6 3. g3 Bc5 4. Bg2 0-0 5. e3 Re8 6. Nge2 Nc6 7. 0-0 e4 8. a3 d6 9. Qb3 Bf5 10. Qc2 Ne5 11. Nxe4 Nxe4 12. d3 Nxd3 13. Qxd3 Nxg3 14. e4 Nxf1 15. exf5 Qh4 16. Qh3 Qxf2+ 17. Kh1 Rxe2 18. Be3 Bxe3 0-1

[Event "NRW-ch U14"]
[Site "Wolfsburg"]
[Date "2004.04.14"]
[Round "4"]
[White "Siebel, Daniel"]
[Black "Korste, Sebastian"]
[Result "1-0"]
[WhiteElo "1539"]
[BlackElo "1349"]
[PlyCount "73"]
[EventDate "2004.04.??"]
[EventType "swiss"]
[EventRounds "7"]
[EventCountry "GER"]
[SourceTitle "EXT 2005"]
[Source "ChessBase"]
[SourceDate "2004.11.15"]
[SourceVersion "1"]
[SourceVersionDate "2004.11.15"]
[SourceQuality "1"]

1. c4 c5 2. Nc3 Nc6 3. g3 Nf6 4. Bg2 e6 5. Nf3 Be7 6. 0-0 d5 7. cxd5 exd5 8. d4 cxd4 9. Nxd4 0-0 10. Re1 Be6 11. e3 Qd7 12. Nxe6 fxe6 13. Rf1 Rfd8 14. Ne2 e5 15. Qb3 Kh8 16. Rd1 Rac8 17. Bd2 Rb8 18. Bc3 Qe6 19. e4 Qg4 20. exd5 Qxe2 21. dxc6 bxc6 22. Rxd8+ Rxd8 23. Bxc6 e4 24. Re1 Qf3 25. Bxe4 Qh5 26. Bg2 Bc5 27. Bxf6 gxf6 28. Qf3 Qg6 29. Rc1 Bd4 30. b3 Be5 31. Rd1 Rf8 32. Qe4 Qh5 33. Bf3 Qh6 34. Rd7 a5 35. Ra7 Bc3 36. Qc2 Bb4 37. Be4 1-0

[Event "NRW-ch U14"]
[Site "Wolfsburg"]
[Date "2004.04.13"]
[Round "2"]
[White "Korste, Sebastian"]
[Black "Boshe Plois, Stefan"]
[Result "1-0"]
[WhiteElo "1349"]
[BlackElo "1541"]
[PlyCount "96"]
[EventDate "2004.04.??"]
[EventType "swiss"]
[EventRounds "7"]
[EventCountry "GER"]
[SourceTitle "EXT 2005"]
[Source "ChessBase"]
[SourceDate "2004.11.15"]
[SourceVersion "1"]
[SourceVersionDate "2004.11.15"]
[SourceQuality "1"]

1. c4 e5 2. Nc3 Nf6 3. g3 Bc5 4. Bg2 Nc6 5. e3 d6 6. Nge2 0-0 7. 0-0 Bf5 8. d4 exd4 9. exd4 Bb6 10. Re1 Nb4 11. Rf1 Rb8 12. a3 Nc6 13. b4 a5 14. c5 dxc5 15. dxc5 Ba7 16. Qb3 Ne5 17. Rd1 Qe7 18. Be3 b6 19. Nb5 c6 20. Nxa7 Qxa7 21. cxb6 Qa6 22. Nc3 Be6 23. Qc2 Nfd7 24. Bf1 Bc4 25. Bxc4 Qxc4 26. bxa5 Nf6 27. Rac1 Ra8 28. Nb1 Qg4 29. Qc5 Qh3 30. Qxe5 Ng4 31. Qe4 Rfe8 32. Qg2 Qh5 33. Rc5 Qg6 34. Rxc6 Qf5 35. Rc5 Qe6 36. Rdc1 Ne5 37. Qd5 Qh3 38. b7 Rad8 39. Qg2 Qd7 40. a6 Qa4 41. Rc8 Qxa6 42. Rxd8 Rxd8 43. Rc8 Qd6 44. b8Q Qxb8 45. Rxb8 Rxb8 46. Nc3 Rd8 47. a4 Nc4 48. Qe4 Na5 1-0